Teoría de la planificación económica (Registro nro. 4188)

Detalles MARC
000 -LEADER
fixed length control field 01031 a2200205 4500
001 - CONTROL NUMBER
control field 46342
005 - DATE AND TIME OF LATEST TRANSACTION
control field 20260407155735.0
008 - FIXED-LENGTH DATA ELEMENTS--GENERAL INFORMATION
fixed length control field 260407a1970 arg spa d
003 - CONTROL NUMBER IDENTIFIER
control field AR-UNSa-BCEJYS
040 ## - CATALOGING SOURCE
Original cataloging agency AR-UNSa-BCEJYS
Language of cataloging spa
Transcribing agency AR-UNSa-BCEJYS
080 ## - UNIVERSAL DECIMAL CLASSIFICATION NUMBER
Universal Decimal Classification number 338.2
Common auxiliary subdivision Política económica. Control de la economía. Gestión de la economía. Planificación económica
100 1# - MAIN ENTRY--PERSONAL NAME
Personal name Minguella Rubió, F.
245 10 - TITLE STATEMENT
Title Teoría de la planificación económica
264 #1 - PRODUCTION, PUBLICATION, DISTRIBUTION, MANUFACTURE, AND COPYRIGHT NOTICE
Place of production, publication, distribution, manufacture Barcelona :
Name of producer, publisher, distributor, manufacturer Oikos-tau
Date of production, publication, distribution, manufacture, or copyright notice 1970
300 ## - PHYSICAL DESCRIPTION
Extent 321 p.
Dimensions 21 cm.
505 ## - FORMATTED CONTENTS NOTE
Formatted contents note Libro Primero. Categorías económicas : 1. La teoría de los precios – 2. La determinación del precio de los factores de producción – 3. La determinación del precio de los factores de producción - - Libro Segundo. El funcionamiento del sistema económico : 4. La teoría de los costes del capital fijo – 5. La tasa de inversión optima – 6. Planificación : objetivos y medios.
590 ## - LOCAL NOTE (RLIN)
Local note niveau_biblio:m niveau_hierar:0
700 1# - ADDED ENTRY--PERSONAL NAME
Personal name Horvat, Branko
942 ## - ADDED ENTRY ELEMENTS (KOHA)
Koha item type
Existencias
Withdrawn status Lost status Damaged status Not for loan Home library Current library Shelving location Date acquired Total checkouts Full call number Barcode Date last seen Price effective from Koha item type
        Biblioteca Prof. Eusebio Cleto del Rey Biblioteca Prof. Eusebio Cleto del Rey   07/04/2026   338.2 H811 L23510 07/04/2026 07/04/2026 Libro